[Event "Team Russia"]
[Site "Petergof"]
[Date "2015.08.05"]
[Round "5.20"]
[White "Potapova, Margarita"]
[Black "Khusnutdinova, Alsu"]
[Result "1-0"]
[WhiteElo "2069"]
[BlackElo "2133"]
[PlyCount "167"]
[EventDate "2015.08.??"]
[EventType "team-swiss"]

1. d4 Nf6 2. c4 e6 3. Nf3 Bb4+ 4. Nbd2 b6 5. a3 Bxd2+ 6. Bxd2 Bb7 7. Bg5 h6 8.
Bh4 d6 9. e3 Nbd7 10. Bd3 g5 11. Bg3 Ne4 12. O-O f5 13. Nd2 Ndf6 14. Nxe4 Bxe4
15. f3 Bxd3 16. Qxd3 Qd7 17. b4 O-O 18. Rad1 a5 19. b5 Rad8 20. e4 Nh5 21. Be1
Nf4 22. Qc2 fxe4 23. fxe4 Qf7 24. Bg3 Qh5 25. Rde1 e5 26. Qd2 Qg4 27. Bxf4 gxf4
28. Rf3 Rd7 29. Kh1 Rg7 30. Rg1 Kh7 31. Qc3 Rfg8 32. dxe5 dxe5 33. Qxe5 Rf7 34.
Qd4 Rd7 35. Qf2 Rf8 36. h3 Qg5 37. Rf1 Rdf7 38. Qd2 Rd8 39. Qf2 Rdf8 40. Qc2
Qg6 41. Qd3 Rg7 42. R1f2 Qg5 43. e5+ Kg8 44. Qd5+ Kh8 45. e6 Rd8 46. Qxg5 hxg5
47. Re2 Re7 48. Re5 Rd4 49. Rxg5 Rxe6 50. c5 Kh7 51. Rf5 bxc5 52. Rxc5 Re7 53.
Rf5 Ree4 54. Rf7+ Kg6 55. Rxc7 Rd5 56. b6 Rb5 57. b7 Rb1+ 58. Kh2 Rb2 59. Rf2
Rb1 60. Rd7 a4 61. Rc7 Kg5 62. Rf7 Rd4 63. Rc2 Kg6 64. Rcc7 Rd3 65. Rf8 Rdb3
66. Rxf4 Rxa3 67. Rcc4 Rxb7 68. Rxa4 Rc3 69. Rg4+ Kf6 70. Raf4+ Ke5 71. Rf8 Rh7
72. Rg3 Rc4 73. Re3+ Kd6 74. Rd8+ Kc7 75. Ree8 Rch4 76. Ra8 Kd7 77. Rad8+ Kc7
78. Rd3 Rc4 79. Re2 Rf7 80. g4 Rff4 81. Rg2 Kc8 82. g5 Rc7 83. g6 Rg7 84. Rc2+
1-0

[Event "Team Russia"]
[Site "Petergof"]
[Date "2015.08.05"]
[Round "5.21"]
[White "Minko, Vladimir"]
[Black "Schekachikhin, Maksim"]
[Result "1/2-1/2"]
[WhiteElo "2268"]
[BlackElo "2316"]
[PlyCount "33"]
[EventDate "2015.08.??"]
[EventType "team-swiss"]

1. d4 Nf6 2. g3 d5 3. Bg2 e6 4. c4 dxc4 5. Nf3 Bb4+ 6. Bd2 a5 7. O-O O-O 8. Qc2
Bxd2 9. Nbxd2 b5 10. b3 cxb3 11. axb3 Ra6 12. Rfc1 Rc6 13. Qa2 Ra6 14. Qc2 Rc6
15. Qa2 Ra6 16. Qc2 Rc6 17. Qa2 1/2-1/2

[Event "Team Russia"]
[Site "Petergof"]
[Date "2015.08.05"]
[Round "5.22"]
[White "Opanasenko, Mikhail"]
[Black "Maslov, Ivan"]
[Result "0-1"]
[WhiteElo "2043"]
[BlackElo "2264"]
[PlyCount "134"]
[EventDate "2015.08.??"]
[EventType "team-swiss"]

1. d4 Nf6 2. c4 g6 3. Nc3 d5 4. e3 Bg7 5. Qb3 c6 6. Nf3 O-O 7. Be2 Qb6 8. Qxb6
axb6 9. cxd5 Nxd5 10. Nxd5 cxd5 11. O-O Nc6 12. Bd2 Bf5 13. Rfc1 Rfc8 14. Ne1
e5 15. dxe5 Bxe5 16. Bc3 d4 17. exd4 Nxd4 18. Bf1 Re8 19. f3 Ne2+ 20. Bxe2 Bxc3
21. Rxc3 Rxe2 22. Rb3 Rae8 23. Kf1 b5 24. g4 Bd7 25. Ng2 Rd2 26. Re1 Rxe1+ 27.
Nxe1 Rxh2 28. Ng2 Be6 29. Ra3 Rh1+ 30. Kf2 Ra1 31. b3 b4 32. Ra4 Bxb3 33. Rxb4
Rxa2+ 34. Kg3 Bd5 35. Nf4 Bc6 36. Rb3 Kg7 37. g5 Ra5 38. Kg4 Bd7+ 39. Kh4 Rf5
40. Ne2 Bc6 41. Kg4 Rb5 42. Rc3 Bd5 43. Nf4 Bc6 44. Nd3 h6 45. gxh6+ Kxh6 46.
f4 Bd5 47. Ne5 Rb3 48. Rxb3 Bxb3 49. f5 Kg7 50. fxg6 fxg6 51. Kg5 Bc2 52. Nf3
b5 53. Nd4 Bd3 54. Nc6 Be4 55. Nb4 Kf7 56. Kf4 Bb7 57. Ke5 Ke7 58. Nd3 Bf3 59.
Kf4 Be2 60. Nb4 Ke6 61. Kg5 Bh5 62. Na6 Kd5 63. Nb4+ Kc4 64. Nc6 b4 65. Kf4 b3
66. Ke3 b2 67. Ne5+ Kd5 0-1

[Event "Team Russia"]
[Site "Petergof"]
[Date "2015.08.05"]
[Round "5.23"]
[White "Voloshin, Pavel"]
[Black "Chernov, Maksim"]
[Result "1/2-1/2"]
[WhiteElo "2053"]
[BlackElo "2047"]
[PlyCount "91"]
[EventDate "2015.08.??"]
[EventType "team-swiss"]

1. e4 c5 2. c3 Nf6 3. e5 Nd5 4. Bc4 Qc7 5. Nf3 e6 6. d4 Nb6 7. Bd3 Nc6 8. a3 d6
9. Bf4 cxd4 10. cxd4 Nd5 11. Bg3 dxe5 12. dxe5 Be7 13. O-O O-O 14. Nbd2 Bd7 15.
Qe2 Rfd8 16. Rfe1 Be8 17. Rad1 Rac8 18. Qe4 g6 19. Qe2 a6 20. Ne4 Qb6 21. Nd6
Ra8 22. Nxe8 Rxe8 23. Be4 Nc7 24. Rc1 Rad8 25. Qc2 Nd5 26. h4 Bf8 27. h5 Bg7
28. hxg6 hxg6 29. Qb1 Nde7 30. Bf4 Qb5 31. b4 Rd7 32. Rc5 Qb6 33. Be3 Qd8 34.
a4 Qb8 35. Bf4 Bf8 36. b5 Nd4 37. Rc4 Nxf3+ 38. Bxf3 Nd5 39. Bg5 Bg7 40. Qb2
Rc8 41. Rxc8+ Qxc8 42. Rc1 Rc7 43. Rxc7 Qxc7 44. Bxd5 exd5 45. bxa6 bxa6 46.
Bf6 1/2-1/2

[Event "Team Russia"]
[Site "Petergof"]
[Date "2015.08.05"]
[Round "5.24"]
[White "Petrochenko, Maria"]
[Black "Paramzina, Anastasya"]
[Result "0-1"]
[WhiteElo "1997"]
[BlackElo "2303"]
[PlyCount "80"]
[EventDate "2015.08.??"]
[EventType "team-swiss"]

1. d4 d5 2. c4 e6 3. Nf3 Nf6 4. g3 Bb4+ 5. Bd2 Be7 6. Bg2 c6 7. Qc2 O-O 8. O-O
Nbd7 9. b3 b6 10. Nc3 Ba6 11. cxd5 cxd5 12. Qb2 Rc8 13. Rfe1 Nb8 14. Rac1 Nc6
15. Bg5 h6 16. Bxf6 Bxf6 17. Red1 Be7 18. a3 Na5 19. Bf1 Qd6 20. Nb1 g6 21.
Nfd2 Qd7 22. Rxc8 Rxc8 23. Rc1 h5 24. Rxc8+ Qxc8 25. Nf3 Nb7 26. Nc3 Nd6 27.
Ne5 Nf5 28. Nd1 Bg5 29. e3 Bxf1 30. Kxf1 Be7 31. Kg2 h4 32. b4 Qa6 33. h3 hxg3
34. fxg3 Bg5 35. Kf2 Qa4 36. Qd2 Qxa3 37. h4 Be7 38. b5 Qb3 39. Qe2 Bd6 40. Kg2
Qxd1 0-1

[Event "Team Russia"]
[Site "Petergof"]
[Date "2015.08.05"]
[Round "5.25"]
[White "Chibukhchyan, Erik"]
[Black "Kruzhilin, Aleksey"]
[Result "1-0"]
[WhiteElo "1839"]
[BlackElo "2141"]
[PlyCount "75"]
[EventDate "2015.08.??"]
[EventType "team-swiss"]

1. e4 e5 2. Nf3 Nc6 3. Bb5 a6 4. Ba4 Nf6 5. O-O Be7 6. Re1 b5 7. Bb3 d6 8. c3
O-O 9. h3 Nb8 10. d4 Nbd7 11. Nbd2 Bb7 12. Bc2 Re8 13. Nf1 Bf8 14. Ng3 g6 15.
Nh2 Bg7 16. f4 exd4 17. cxd4 c5 18. Nf3 Qc7 19. d5 c4 20. Be3 Nc5 21. Bd4 Rad8
22. Qd2 a5 23. a3 Rd7 24. Qc3 Qd8 25. Kh1 h5 26. b4 Ba6 27. f5 gxf5 28. Nxf5
Bh8 29. Nh2 Bc8 30. Qg3+ Kf8 31. Qg5 Rc7 32. Qh6+ Kg8 33. Nxd6 Qxd6 34. e5 Qf8
35. Qg5+ Qg7 36. exf6 Rxe1+ 37. Rxe1 Qxg5 38. Re8# 1-0

[Event "Team Russia"]
[Site "Petergof"]
[Date "2015.08.05"]
[Round "5.26"]
[White "Karpenko, Artem"]
[Black "Ufimtsev, Egor"]
[Result "1/2-1/2"]
[WhiteElo "2276"]
[BlackElo "1883"]
[PlyCount "66"]
[EventDate "2015.08.??"]
[EventType "team-swiss"]

1. e4 c5 2. Nc3 e6 3. g3 Nc6 4. Bg2 Nf6 5. d3 d5 6. f4 dxe4 7. Nxe4 Nxe4 8.
Bxe4 Qc7 9. c3 Be7 10. Ne2 b6 11. Be3 Bb7 12. Rf1 O-O-O 13. Qc2 Na5 14. Bxb7+
Kxb7 15. O-O-O Rd5 16. Ng1 Rhd8 17. Nf3 Bf6 18. Rd2 Nc6 19. Rfd1 g6 20. Qa4 Ne7
21. c4 R5d6 22. d4 Nf5 23. dxc5 Rxd2 24. c6+ Qxc6 25. Qxc6+ Kxc6 26. Bxd2 Rd3
27. Rf1 h5 28. b3 a6 29. Ne1 Rd7 30. Nf3 Rd3 31. Ne1 Rd7 32. Nf3 Rd3 33. Ne1
Rd7 1/2-1/2

[Event "Team Russia"]
[Site "Petergof"]
[Date "2015.08.05"]
[Round "5.27"]
[White "Ustich, Ekaterina"]
[Black "Guliev, Gasan"]
[Result "0-1"]
[WhiteElo "2082"]
[BlackElo "2053"]
[PlyCount "100"]
[EventDate "2015.08.??"]
[EventType "team-swiss"]

1. e4 e5 2. Nf3 Nc6 3. Bb5 a6 4. Bxc6 dxc6 5. O-O Qf6 6. d4 exd4 7. Qxd4 Qxd4
8. Nxd4 Bd7 9. Nc3 O-O-O 10. Be3 c5 11. Nb3 b6 12. Rfd1 Ne7 13. a4 a5 14. Nd2
Be6 15. Nf3 Rxd1+ 16. Nxd1 f6 17. Nc3 Ng6 18. Nd5 c6 19. Nf4 Nxf4 20. Bxf4 g5
21. Bd2 Be7 22. h3 h5 23. e5 g4 24. exf6 Bxf6 25. hxg4 hxg4 26. Ng5 Bd5 27. c4
Bxc4 28. Ne4 Be5 29. Bc3 Bxc3 30. bxc3 Bd3 31. Nf6 Bf5 32. Re1 Rf8 33. Ne8 Kd7
34. Ng7 Bc2 35. Ra1 Rf4 36. Ra2 Bxa4 37. Rd2+ Ke7 38. Re2+ Kf7 39. Ne6 Rf6 40.
Nd8+ Kg6 41. Re4 Bd1 42. Re1 Bc2 43. Re2 Bd3 44. Re3 c4 45. Rg3 Kh5 46. Re3 a4
47. Re5+ Rf5 48. Re7 a3 49. Nxc6 a2 50. Ra7 Ra5 0-1

[Event "Team Russia"]
[Site "Petergof"]
[Date "2015.08.05"]
[Round "5.28"]
[White "Protopopova, Anastasiya"]
[Black "Kvachko, Anastasiya"]
[Result "1/2-1/2"]
[WhiteElo "2177"]
[BlackElo "1703"]
[PlyCount "133"]
[EventDate "2015.08.??"]
[EventType "team-swiss"]

1. Nf3 Nf6 2. c4 g6 3. Nc3 d5 4. Qa4+ Bd7 5. Qb3 dxc4 6. Qxc4 a6 7. d4 b5 8.
Qd3 Bg7 9. g3 Bc6 10. a3 O-O 11. Bg2 Nd5 12. O-O Nd7 13. Bd2 N7b6 14. Nxd5 Bxd5
15. b4 Rc8 16. Bc3 Na4 17. Rac1 Nxc3 18. Qxc3 Bxf3 19. Qxf3 Qxd4 20. Rfd1 Qa7
21. Rd7 e6 22. Qf4 Bb2 23. Rc2 Ba1 24. Bh3 Qb6 25. Qc1 Bd4 26. e3 Be5 27. Rc6
Qb7 28. Qc5 Rcd8 29. Rxd8 Rxd8 30. Bg4 Rd5 31. Qc2 Bd6 32. Bf3 Rf5 33. Be4 Re5
34. f4 Rxe4 35. Qxe4 Qa7 36. Qd3 Qb7 37. Rc2 Qf3 38. Rf2 Qc6 39. e4 Be7 40. Rc2
Qb6+ 41. Kg2 Bd6 42. e5 Be7 43. Qf3 c5 44. bxc5 Bxc5 45. Qc3 Qb7+ 46. Kh3 Bf8
47. Qd3 Kg7 48. Rc3 a5 49. Qc2 b4 50. axb4 axb4 51. Rc7 Qf3 52. Qc4 Qh5+ 53.
Kg2 Qf5 54. Rb7 h5 55. Rb8 h4 56. Qc8 Qe4+ 57. Kh3 Qf5+ 58. g4 Qd3+ 59. Kxh4
g5+ 60. fxg5 Qh7+ 61. Kg3 Qd3+ 62. Kf2 Qd2+ 63. Kg3 Qd3+ 64. Kg2 Qe2+ 65. Kh3
Qf3+ 66. Kh4 Qf2+ 67. Kh3 1/2-1/2

[Event "Team Russia"]
[Site "Petergof"]
[Date "2015.08.05"]
[Round "5.29"]
[White "Shapiro, David"]
[Black "Morozov, Egor"]
[Result "0-1"]
[WhiteElo "2292"]
[BlackElo "2262"]
[PlyCount "132"]
[EventDate "2015.08.??"]
[EventType "team-swiss"]

1. d4 g6 2. e4 Bg7 3. Nc3 d6 4. Be3 Nf6 5. Nf3 O-O 6. Qd2 c6 7. O-O-O b5 8. Bd3
Be6 9. Bh6 b4 10. Nb1 Bxa2 11. e5 Nd5 12. h4 dxe5 13. dxe5 Nd7 14. Bxg7 Kxg7
15. h5 Rh8 16. h6+ Kf8 17. e6 fxe6 18. Ng5 Qa5 19. Nxe6+ Kf7 20. Ng5+ Ke8 21.
Nxh7 Bxb1 22. Bxg6+ Kd8 23. Kxb1 Rb8 24. Rh3 Rb7 25. Rb3 Kc8 26. g4 Nc5 27. g5
Rd8 28. Bd3 e6 29. Qe1 Nxd3 30. Qxe6+ Kb8 31. Rdxd3 Re7 32. Nf8 Rxe6 33. Nxe6
Rh8 34. Rd4 Kc8 35. f4 Qa6 36. Nc5 Qf1+ 37. Ka2 a5 38. Ne6 Qe2 39. f5 Qxc2 40.
Rxd5 cxd5 41. g6 Qxf5 42. g7 Re8 43. Rg3 Qxe6 44. h7 d4+ 45. Ka1 b3 46. Rxb3
Qxb3 47. h8=Q Kd7 48. Qh4 Qe6 49. Qxd4+ Ke7 50. Qf4 Rg8 51. Qg5+ Kf7 52. Qxa5
Rxg7 53. Qc7+ Kf6 54. Qf4+ Qf5 55. Qd6+ Qe6 56. Qf4+ Ke7 57. Qc7+ Qd7 58. Qe5+
Kd8 59. Qb8+ Qc8 60. Qd6+ Rd7 61. Qf8+ Kc7 62. Qc5+ Kb8 63. Qe5+ Qc7 64. Qe8+
Ka7 65. Qe3+ Qb6 66. Qf3 Qa6+ 0-1

[Event "Team Russia"]
[Site "Petergof"]
[Date "2015.08.05"]
[Round "5.30"]
[White "Yashmetov, Mikhail"]
[Black "Gusarov, Aleksey"]
[Result "0-1"]
[WhiteElo "2183"]
[BlackElo "2003"]
[PlyCount "88"]
[EventDate "2015.08.??"]
[EventType "team-swiss"]

1. d4 d5 2. c4 c6 3. Nf3 Nf6 4. g3 Bf5 5. Bg2 e6 6. O-O Be7 7. Nc3 h6 8. Qb3
Qb6 9. c5 Qxb3 10. axb3 Nbd7 11. b4 Ne4 12. Nd2 Nxd2 13. Bxd2 Bf6 14. e4 dxe4
15. Be3 O-O 16. Nxe4 Bxe4 17. Bxe4 a6 18. Rfe1 Be7 19. Bf4 Nf6 20. Bg2 Rfd8 21.
Rad1 Nd5 22. Bd2 Bf6 23. Bc3 Rd7 24. Rd2 Rad8 25. Red1 Bg5 26. f4 Bf6 27. Kf2
Ne7 28. Be4 Nf5 29. Bxf5 exf5 30. Kf3 Rd5 31. h3 g5 32. Rd3 Kg7 33. R3d2 Kg6
34. Rd3 Kh5 35. R3d2 Re8 36. Rd3 g4+ 37. hxg4+ fxg4+ 38. Kf2 Re4 39. Kf1 Kg6
40. R3d2 h5 41. Kg2 h4 42. gxh4 Rxf4 43. Kg3 Rf3+ 44. Kxg4 Rdf5 0-1

[Event "Team Russia"]
[Site "Petergof"]
[Date "2015.08.05"]
[Round "5.31"]
[White "Serov, Danila"]
[Black "Volkov, Roman"]
[Result "1-0"]
[WhiteElo "1970"]
[BlackElo "1928"]
[PlyCount "83"]
[EventDate "2015.08.??"]
[EventType "team-swiss"]

1. Nf3 Nf6 2. g3 d5 3. Bg2 c6 4. O-O Bg4 5. d3 Nbd7 6. Nbd2 e5 7. e4 Bd6 8. Qe2
O-O 9. h3 Bh5 10. Rd1 Re8 11. Nf1 Nc5 12. g4 Bg6 13. N3d2 Ne6 14. Nb3 Qc7 15.
Ng3 Nf4 16. Qf3 dxe4 17. dxe4 Nxg2 18. Kxg2 Bf8 19. g5 Nd7 20. h4 f6 21. Qg4
Rad8 22. Be3 Bf7 23. Rd2 Be6 24. Qf3 fxg5 25. hxg5 Nb6 26. Rxd8 Rxd8 27. Nc5
Bc8 28. b3 Qf7 29. Qxf7+ Kxf7 30. Nd3 Bd6 31. Rd1 Bc7 32. Nxe5+ Ke6 33. Nd3 Kf7
34. f4 a6 35. f5 Re8 36. e5 Nd5 37. Bd4 g6 38. c4 Nb6 39. e6+ Kg8 40. Ne4 Kf8
41. Bc5+ Kg7 42. f6+ 1-0

[Event "Team Russia"]
[Site "Petergof"]
[Date "2015.08.05"]
[Round "5.32"]
[White "Dimitrova, Aleksandra"]
[Black "Alieva, Alexandra"]
[Result "1-0"]
[WhiteElo "2134"]
[BlackElo "1963"]
[PlyCount "91"]
[EventDate "2015.08.??"]
[EventType "team-swiss"]

1. e4 e5 2. Nf3 Nf6 3. d4 Nxe4 4. Bd3 d5 5. dxe5 Be7 6. O-O O-O 7. h3 Nc6 8. c4
Bf5 9. Nc3 Nxc3 10. bxc3 Bxd3 11. Qxd3 dxc4 12. Qxc4 Qd7 13. Rb1 Qf5 14. Be3
Rab8 15. Rfe1 a6 16. a4 Rfd8 17. Nd4 Qxe5 18. Nxc6 bxc6 19. Rxb8 Rxb8 20. Qxc6
Bd6 21. g3 h5 22. h4 Rb6 23. Qa8+ Kh7 24. Rd1 Rb2 25. Rd5 Rb8 26. Rxe5 Rxa8 27.
Rxh5+ Kg8 28. Kf1 f6 29. Ke2 Be5 30. f4 Bxc3 31. Rc5 Bb4 32. Rxc7 Re8 33. Kf3
Be1 34. Bb6 a5 35. Rd7 Re6 36. Bc5 Rc6 37. Rd5 g6 38. h5 gxh5 39. Rxh5 Kg7 40.
g4 Rc8 41. Rd5 Rb8 42. Ke4 Kg6 43. Rd7 Rb1 44. f5+ Kg5 45. Kf3 Rb3+ 46. Be3+
1-0

[Event "Team Russia"]
[Site "Petergof"]
[Date "2015.08.05"]
[Round "5.33"]
[White "Khramov, Andrey"]
[Black "Shubin, Kirill"]
[Result "1/2-1/2"]
[WhiteElo "2060"]
[BlackElo "2216"]
[PlyCount "71"]
[EventDate "2015.08.??"]
[EventType "team-swiss"]

1. e4 e6 2. d4 d5 3. Nd2 Nf6 4. e5 Nfd7 5. Bd3 c5 6. c3 Nc6 7. Ne2 cxd4 8. cxd4
f6 9. Nf4 Nxd4 10. Qh5+ Ke7 11. Ng6+ hxg6 12. exf6+ Nxf6 13. Qxh8 Kf7 14. O-O
e5 15. Nb3 Nxb3 16. axb3 Be6 17. Bg5 e4 18. Be2 Qb6 19. Rac1 Rd8 20. Qh4 Be7
21. Qg3 Rd7 22. Rc8 Rd6 23. Rc2 d4 24. Bc4 d3 25. Bxe6+ Rxe6 26. Rc3 Qb5 27.
Qh4 Nd5 28. Rcc1 Qxb3 29. Rc8 Bxg5 30. Qxg5 Ne7 31. Rc7 Qb6 32. Qf4+ Rf6 33.
Qe5 Re6 34. Qf4+ Rf6 35. Qe5 Re6 36. Qf4+ 1/2-1/2

[Event "Team Russia"]
[Site "Petergof"]
[Date "2015.08.05"]
[Round "5.34"]
[White "Obodenko, Amir"]
[Black "Azimov, Ilyas"]
[Result "1-0"]
[WhiteElo "1970"]
[BlackElo "2058"]
[PlyCount "85"]
[EventDate "2015.08.??"]
[EventType "team-swiss"]

1. e4 c5 2. Nf3 d6 3. c3 Nf6 4. Be2 g6 5. O-O Bg7 6. Re1 O-O 7. Bf1 Nc6 8. h3
a6 9. d4 cxd4 10. cxd4 e6 11. Bf4 Re8 12. Nc3 Ne7 13. Qb3 d5 14. e5 Nd7 15. Na4
b5 16. Nc5 Nxc5 17. dxc5 Nc6 18. Qe3 Bb7 19. Nd4 Qe7 20. Rac1 Nxd4 21. Qxd4 Bc6
22. Rc3 a5 23. Rg3 f6 24. exf6 Bxf6 25. Be5 Rf8 26. Rge3 Rae8 27. Bd3 Bd7 28.
Qg4 Qg7 29. b4 axb4 30. Qxb4 Bxe5 31. Rxe5 Qf6 32. R1e2 Ra8 33. c6 Bc8 34. a3
Qf4 35. Qc5 Qa4 36. Bxb5 Qxa3 37. Qxa3 Rxa3 38. Rc2 Kf7 39. Re1 Ke7 40. c7 Rf7
41. Rc6 Ra7 42. Rexe6+ Bxe6 43. Rxe6+ 1-0

[Event "Team Russia"]
[Site "Petergof"]
[Date "2015.08.05"]
[Round "5.35"]
[White "Petrushev, Nikita"]
[Black "Shchukin, Maksim"]
[Result "1-0"]
[WhiteElo "2060"]
[BlackElo "1820"]
[PlyCount "87"]
[EventDate "2015.08.??"]
[EventType "team-swiss"]

1. e4 c5 2. Nf3 Nc6 3. d4 cxd4 4. Nxd4 Nf6 5. Nc3 e5 6. Ndb5 d6 7. Bg5 a6 8.
Na3 b5 9. Nd5 Be7 10. Bxf6 Bxf6 11. c4 b4 12. Nc2 a5 13. Qf3 Be6 14. Rd1 Bxd5
15. cxd5 Nd4 16. Nxd4 exd4 17. Bb5+ Kf8 18. O-O Rb8 19. Bc6 g6 20. Qd3 h6 21.
Rc1 Kg7 22. Rc4 Qe7 23. Rfc1 Rhc8 24. Ba4 Qb7 25. Rxc8 Rxc8 26. Bc6 Qb6 27. g3
Rc7 28. b3 Rc8 29. Kg2 Rc7 30. Rc2 h5 31. h4 Rc8 32. f4 Rc7 33. Re2 Re7 34. Rc2
Rc7 35. Rc1 Kg8 36. Rc2 Kg7 37. Rf2 Re7 38. f5 Be5 39. Qd2 Kh7 40. Qg5 Qa7 41.
Bb5 Rc7 42. Be8 Rc3 43. fxg6+ fxg6 44. Qxg6+ 1-0

[Event "Team Russia"]
[Site "Petergof"]
[Date "2015.08.05"]
[Round "5.36"]
[White "Kiseleva, Ekaterina"]
[Black "Rybakova, Polina"]
[Result "1-0"]
[WhiteElo "1826"]
[BlackElo "1926"]
[PlyCount "115"]
[EventDate "2015.08.??"]
[EventType "team-swiss"]

1. e4 c5 2. Nc3 Nc6 3. f4 g6 4. Bc4 Bg7 5. Nf3 e6 6. f5 Nge7 7. fxe6 dxe6 8. d3
O-O 9. O-O Na5 10. Bb3 Nec6 11. Bg5 Qc7 12. Be3 Nd4 13. Qd2 Naxb3 14. axb3 Bd7
15. Qf2 Qd6 16. e5 Nxf3+ 17. gxf3 Qxe5 18. Bxc5 Rfd8 19. Bxa7 Bc6 20. Bb6 Qg5+
21. Qg2 Qf5 22. Bxd8 Bd4+ 23. Kh1 Rxa1 24. Ne4 Rxf1+ 25. Qxf1 Bxb2 26. Kg2 Kg7
27. Qf2 Qd5 28. c4 Qxd8 29. Qxb2+ f6 30. Qe2 Qd4 31. b4 f5 32. Nc5 Qg4+ 33. Kf2
Qh4+ 34. Kg1 Qd4+ 35. Kf1 Qa1+ 36. Kg2 e5 37. b5 Be8 38. Nxb7 Qd4 39. Na5 Kf6
40. Nb3 Qc3 41. Nd2 Qd4 42. Nf1 g5 43. Ne3 Bf7 44. Nd1 e4 45. fxe4 fxe4 46.
Qxe4 Qxe4+ 47. dxe4 Bxc4 48. b6 Ba6 49. Ne3 h5 50. Nc4 Bb7 51. Nd6 Bc6 52. b7
Bxb7 53. Nxb7 Ke5 54. Nc5 g4 55. Kg3 Kd4 56. Nd7 Kxe4 57. Nf6+ Kf5 58. Nxh5 1-0

[Event "Team Russia"]
[Site "Petergof"]
[Date "2015.08.05"]
[Round "5.37"]
[White "Navrodskiy, Boris"]
[Black "Gogin, Maksim"]
[Result "1/2-1/2"]
[WhiteElo "2035"]
[BlackElo "2183"]
[PlyCount "59"]
[EventDate "2015.08.??"]
[EventType "team-swiss"]

1. e4 c5 2. Nf3 e6 3. d4 cxd4 4. Nxd4 a6 5. c4 Nf6 6. Nc3 Qc7 7. Be2 b6 8. Be3
Bb7 9. f3 d6 10. O-O Nbd7 11. Qd2 Be7 12. Rfc1 Rc8 13. a4 O-O 14. a5 bxa5 15.
Nb3 Qb8 16. Nxa5 Ba8 17. b4 Rfd8 18. Rcb1 d5 19. exd5 Bxb4 20. dxe6 fxe6 21.
Qc1 Qd6 22. Ra4 Bc5 23. Nb3 Bxe3+ 24. Qxe3 Re8 25. Rba1 Qb8 26. Rb1 Qd6 27.
Rba1 Qb8 28. Rb1 Qd6 29. Rba1 Qb8 30. Rb1 1/2-1/2

[Event "Team Russia"]
[Site "Petergof"]
[Date "2015.08.05"]
[Round "5.38"]
[White "Zakharikov, Ivan"]
[Black "German, Nikita"]
[Result "1/2-1/2"]
[WhiteElo "1971"]
[BlackElo "1987"]
[PlyCount "156"]
[EventDate "2015.08.??"]
[EventType "team-swiss"]

1. e4 c5 2. c3 d5 3. exd5 Qxd5 4. d4 Nc6 5. Nf3 Bg4 6. Be2 e6 7. h3 Bh5 8. O-O
Nf6 9. Be3 cxd4 10. cxd4 Be7 11. Nc3 Qd7 12. Qb3 a6 13. a3 O-O 14. Rfd1 Rfd8
15. g4 Bg6 16. Ne5 Qc7 17. Nxg6 hxg6 18. Rac1 Rd7 19. d5 exd5 20. Nxd5 Nxd5 21.
Rxd5 Rxd5 22. Qxd5 Rd8 23. Qb3 Qe5 24. Qxb7 Nd4 25. Bxd4 Rxd4 26. Rc8+ Kh7 27.
Qa8 Rd8 28. Rxd8 Bxd8 29. Qxd8 Qxe2 30. Qd4 Qc2 31. Qc3 Qd1+ 32. Kg2 Qd5+ 33.
Qf3 Qc4 34. b4 Qa2 35. Qd3 Qe6 36. Qe3 Qd5+ 37. Kg3 Qd6+ 38. Kf3 Qd5+ 39. Ke2
Qa2+ 40. Kf1 Qb1+ 41. Kg2 Qa2 42. Qd3 Qe6 43. b5 axb5 44. Qxb5 Qe4+ 45. Kg3 Qe1
46. Qd3 Qg1+ 47. Kf3 Qh1+ 48. Ke2 Qa1 49. Qf3 Qc1 50. Qe3 Qc6 51. Kd2 Qd5+ 52.
Qd3 Qc5 53. Ke2 Qc6 54. Qe3 Qd5 55. Qf3 Qc4+ 56. Qd3 Qc6 57. Qe3 Qd5 58. Qe7
Qc6 59. Qe3 Qd5 60. Qd3 Qc6 61. Ke3 Qc1+ 62. Kf3 Qh1+ 63. Ke2 Qc6 64. Qe3 Qd5
65. f4 Qg2+ 66. Ke1 Qh1+ 67. Kd2 Qg2+ 68. Kc3 Qc6+ 69. Kb4 Qb7+ 70. Ka5 Qd5+
71. Kb6 Qd8+ 72. Kc6 Qc8+ 73. Kd5 Qb7+ 74. Kd6 Qb8+ 75. Kd7 Qb7+ 76. Ke8 Kg8
77. Qe7 Qc8+ 78. Qd8 Qe6+ 1/2-1/2

[Event "Team Russia"]
[Site "Petergof"]
[Date "2015.08.05"]
[Round "5.39"]
[White "Antonian, Grant"]
[Black "Skafar, Darya"]
[Result "0-1"]
[WhiteElo "1869"]
[BlackElo "1974"]
[PlyCount "90"]
[EventDate "2015.08.??"]
[EventType "team-swiss"]

1. e4 d6 2. d4 Nf6 3. Nc3 g6 4. f4 Bg7 5. Nf3 O-O 6. e5 dxe5 7. fxe5 Nd5 8. Bc4
Nb6 9. Bb3 Bg4 10. Be3 Nc6 11. O-O Na5 12. h3 Nbc4 13. Bxc4 Nxc4 14. Qe2 Nxe3
15. Qxe3 Bxf3 16. Rxf3 c6 17. b3 b5 18. Ne4 f6 19. Raf1 fxe5 20. Rxf8+ Bxf8 21.
dxe5 Bg7 22. Nc5 Qd5 23. Nd3 c5 24. Qxc5 Qxc5+ 25. Nxc5 Bxe5 26. Ne6 Rc8 27.
Re1 Bf6 28. Re2 Rc6 29. Nf4 Kf7 30. Nd3 Bd4+ 31. Kh2 a5 32. Re4 Bc3 33. a4 b4
34. Re2 Bd4 35. Re4 Bf6 36. Re2 Ke8 37. Kg3 Kd7 38. Kf2 Kd6 39. Rd2 Bc3 40. Re2
e5 41. Kf3 Kd5 42. Ke3 Rf6 43. g4 g5 44. h4 e4 45. Ne1 Rf1 0-1

[Event "Team Russia"]
[Site "Petergof"]
[Date "2015.08.05"]
[Round "5.40"]
[White "Solozhenkina, Elizaveta"]
[Black "Granovskaya, Ekaterina"]
[Result "1-0"]
[WhiteElo "2052"]
[BlackElo "1626"]
[PlyCount "49"]
[EventDate "2015.08.??"]
[EventType "team-swiss"]

1. e4 e5 2. Nf3 Nc6 3. d4 exd4 4. Nxd4 Bc5 5. Nxc6 bxc6 6. Bd3 Ne7 7. O-O d5 8.
Nc3 O-O 9. Bg5 f6 10. Bh4 Ng6 11. Bg3 Ne5 12. exd5 Bg4 13. Qd2 cxd5 14. Nxd5 c6
15. Bxe5 Qxd5 16. Bg3 Rad8 17. Qf4 Qd4 18. Rae1 Qxf4 19. Bxf4 Rfe8 20. Bc7 Rc8
21. Ba5 Bd4 22. b3 g6 23. Ba6 Rxe1 24. Rxe1 Rf8 25. Re4 1-0

[Event "Team Russia"]
[Site "Petergof"]
[Date "2015.08.05"]
[Round "5.41"]
[White "Panov, Maksim"]
[Black "Pak, Alexander"]
[Result "0-1"]
[WhiteElo "2187"]
[BlackElo "2196"]
[PlyCount "50"]
[EventDate "2015.08.??"]
[EventType "team-swiss"]

1. d4 d5 2. Nf3 Nf6 3. g3 Bf5 4. c4 c6 5. Nc3 e6 6. Nh4 Bg4 7. h3 Bh5 8. g4 Bg6
9. Qb3 Qc7 10. Bg2 Nbd7 11. O-O Be7 12. Nxg6 hxg6 13. Re1 O-O-O 14. Bg5 Nxg4
15. Bxe7 Rxh3 16. Kf1 Qf4 17. Nd1 Rxb3 18. axb3 Re8 19. e3 Nh2+ 20. Kg1 Nf3+
21. Kf1 Qg4 22. Bb4 Nf6 23. Nc3 Rh8 24. Bd6 Rh1+ 25. Bxh1 Nd2# 0-1

[Event "Team Russia"]
[Site "Petergof"]
[Date "2015.08.05"]
[Round "5.42"]
[White "Yeritsyan, Aram"]
[Black "Radzhabov, Rodion"]
[Result "1-0"]
[WhiteElo "2117"]
[BlackElo "2128"]
[PlyCount "99"]
[EventDate "2015.08.??"]
[EventType "team-swiss"]

1. e4 c5 2. Nf3 Nc6 3. d4 cxd4 4. Nxd4 Qc7 5. Nc3 e6 6. Be2 a6 7. Be3 Nf6 8.
O-O Bb4 9. Na4 Be7 10. c4 d6 11. Nc3 O-O 12. Rc1 Nxd4 13. Bxd4 Nd7 14. b3 b6
15. f4 Bf6 16. Bf3 Bb7 17. Re1 Rad8 18. Bxf6 Nxf6 19. Qd4 Rfe8 20. Red1 e5 21.
fxe5 Rxe5 22. Nd5 Qc5 23. Nxb6 Rde8 24. Qxc5 dxc5 25. Nd7 Nxd7 26. Rxd7 Bxe4
27. Re1 f5 28. Rd6 Ra8 29. g4 g6 30. gxf5 gxf5 31. Kf2 Ra7 32. Rg1+ Kf7 33. Rh6
Kf8 34. Rf6+ Ke7 35. Rh6 Kf8 36. Rf6+ Ke7 37. Rg7+ Kxf6 38. Rxa7 Bb1 39. Rxa6+
Kg5 40. a4 Kf4 41. Rh6 Bc2 42. a5 Bxb3 43. a6 Re7 44. Bb7 Kg5 45. Rh3 Bxc4 46.
Rg3+ Kf4 47. a7 Re2+ 48. Kg1 Re1+ 49. Kg2 Re2+ 50. Kh3 1-0

[Event "Team Russia"]
[Site "Petergof"]
[Date "2015.08.05"]
[Round "5.43"]
[White "Polosin, Evgeni"]
[Black "Arkhipkin, Ilya"]
[Result "1-0"]
[WhiteElo "2034"]
[BlackElo "1974"]
[PlyCount "87"]
[EventDate "2015.08.??"]
[EventType "team-swiss"]

1. e4 e6 2. d4 d5 3. e5 c5 4. c3 Nc6 5. Nf3 Qb6 6. a3 Nh6 7. b4 cxd4 8. cxd4
Nf5 9. Bb2 Bd7 10. Bc3 h5 11. Qd2 a6 12. h4 Rc8 13. Qb2 Be7 14. Bd3 O-O 15.
Nbd2 Rfe8 16. Nb3 f6 17. Nc5 Qc7 18. O-O fxe5 19. Bxf5 exf5 20. Nxd7 Qxd7 21.
dxe5 Qe6 22. Rad1 Red8 23. Rfe1 Rd7 24. Qb3 Kf7 25. Bd2 d4 26. Qd3 Rd5 27. Bg5
Bf8 28. Be3 Be7 29. Bg5 Bf8 30. Bd8 Kg8 31. Ng5 Qg6 32. Bb6 Ne7 33. Bc5 Nc6 34.
Qb3 Rcd8 35. Bd6 R8xd6 36. exd6 Qxd6 37. Ne6 Be7 38. Nc7 Qxc7 39. Qxd5+ Kh8 40.
Qxf5 Qd6 41. Qxh5+ Kg8 42. Qe8+ Kh7 43. Rxe7 Nxe7 44. Re1 1-0